000 01141nam a2200313 i 4500
003 EG-GICUC
005 20260221193054.0
008 260211s1991 ua ||||fr ||| 00| 0 ara d
017 _a1991/9634
020 _a9770407666
040 _aEG-GICUC
_cEG-GICUC
_dEG-GICUC
_erda
_bara
041 0 _aara
082 0 4 _221
_a341.28
_bع ب . ت
092 0 4 _221
099 _aLaw1 11 341.28 ع ب . ت 1991
100 1 _aعبدالعزيز مخيمر عبدالهادي
_eمؤلف.
245 1 2 _aتهجير اليهود إلي فلسطين في ضوء أحكام القانون الدولي /
_cعبدالعزيز مخيمر عبدالهادي .
264 0 _aمصر :
_bدار النهضة العربية,
_c1991 .
300 _a240 صفحة ؛
_c30 سم.
336 _atext
_2rda content
337 _aComputer
_2rda media
338 _aOnline Resource
_2rda carrier
546 _aالنص باللغة العربية
650 0 4 _aالقانون الدولي العام
650 0 4 _aالمناطق غير المستقلة
856 _uhttps://fll.law.cu.edu.eg/fulltext/th/B11-05001.pdf
905 _a59
942 _2ddc
_cBK
_e21
_n0
999 _c62546
_d62546